Essential biochemistry / (Record no. 276068)
[ view plain ]
| 000 -LEADER | |
|---|---|
| fixed length control field | 00361nam a2200133 a 4500 |
| 005 - DATE AND TIME OF LATEST TRANSACTION | |
| control field | 20141022141958.0 |
| 008 - FIXED-LENGTH DATA ELEMENTS--GENERAL INFORMATION | |
| fixed length control field | 120301s19uu xx 00 eng d |
| 050 ## - LIBRARY OF CONGRESS CALL NUMBER | |
| Classification number | CD-ROM |
| Item number | P88 2004 |
| 100 ## - MAIN ENTRY--PERSONAL NAME | |
| Personal name | Pratt, Charlotte W. |
| 245 ## - TITLE STATEMENT | |
| Title | Essential biochemistry / |
| Statement of responsibility, etc | Charlotte Pratt, Kathleen Cornely. |
| 260 ## - PUBLICATION, DISTRIBUTION, ETC. (IMPRINT) | |
| Date of publication, distribution, etc | 2004. |
| 700 ## - ADDED ENTRY--PERSONAL NAME | |
| Personal name | Cornely, Kathleen |
| 942 ## - ADDED ENTRY ELEMENTS (KOHA) | |
| Koha item type | Audio Visual Materials |
No items available.